Fiesta y rito en la Europa moderna
Guardat en:
| Autor principal: | |
|---|---|
| Format: | Llibre |
| Idioma: | espanyol |
| Publicat: |
Madrid
Complutense
2001
|
| Col·lecció: | Colección La Mirada de la Historia
|
| Matèries: | |
| Etiquetes: |
Afegir etiqueta
Sense etiquetes, Sigues el primer a etiquetar aquest registre!
|
MARC
| LEADER | 00000nam a2200000 a 4500 | ||
|---|---|---|---|
| 001 | UCI3171 | ||
| 003 | CL-VaPUC | ||
| 008 | 071012e20010000SP |||||||||||||||||spa|d | ||
| 020 | |a 847491597X | ||
| 082 | 0 | 4 | |a 940.2 |b MUI |2 21 |
| 100 | |a Muir, Edward |e autor |9 524597 | ||
| 245 | 1 | 0 | |a Fiesta y rito en la Europa moderna |
| 300 | |a 388 p | ||
| 942 | |c BK | ||
| 945 | |d 20071012 00:00:00 |a jtorresc | ||
| 260 | |a Madrid |b Complutense |c 2001 | ||
| 650 | 0 | |a Europa Moderna |9 524598 | |
| 650 | 0 | |a Ritos y ceremonias |9 326995 | |
| 650 | 0 | |a Vida social y costumbres |9 258725 | |
| 651 | 0 | |a Europa |9 255156 | |
| 583 | |a last modification |c 20071012 00:00:00 |k Rodrigo Vera | ||
| 490 | 0 | |a Colección La Mirada de la Historia | |
| 999 | |c 327543 |d 327541 | ||
| 952 | |0 0 |1 0 |4 0 |6 940_200000000000000_MUI_2001 |7 0 |8 A |9 410511 |a BIBHIS |b BIBHIS |d 2019-11-22 |i 4377338 |l 1 |o 940.2 MUI 2001 |p 4377338 |r 2025-01-20 |s 2023-07-03 |w 2019-11-22 |y BK |k HIS | ||